L'articulation du sens; (Record no. 124803)
[ view plain ]
| 000 -LEADER | |
|---|---|
| fixed length control field | 00882cam a2200277I 4500 |
| 001 - CONTROL NUMBER | |
| control field | 4705211 |
| 003 - CONTROL NUMBER IDENTIFIER | |
| control field | ARRUPE |
| 005 - DATE AND TIME OF LATEST TRANSACTION | |
| control field | 20160715095938.0 |
| 008 - FIXED-LENGTH DATA ELEMENTS--GENERAL INFORMATION | |
| fixed length control field | 850207s1970 fr b 000 0 fre d |
| 035 ## - SYSTEM CONTROL NUMBER | |
| System control number | (OCoLC)ocm11668378 |
| 035 ## - SYSTEM CONTROL NUMBER | |
| System control number | (NNC)4705211 |
| 040 ## - CATALOGING SOURCE | |
| Original cataloging agency | CLO |
| Transcribing agency | CLO |
| Modifying agency | PLT |
| 050 ## - LIBRARY OF CONGRESS CALL NUMBER | |
| Classification number | BL240.2.L25 |
| 300 ## - PHYSICAL DESCRIPTION | |
| Dimensions | 22 cm. |
| 100 1# - MAIN ENTRY--PERSONAL NAME | |
| Personal name | Ladrière, Jean. |
| 9 (RLIN) | 15261 |
| 245 12 - TITLE STATEMENT | |
| Title | L'articulation du sens; |
| Remainder of title | discours scientifique et parole de la foi. |
| 260 ## - PUBLICATION, DISTRIBUTION, ETC. (IMPRINT) | |
| Place of publication, distribution, etc | [Paris] |
| Name of publisher, distributor, etc | Aubier Montaigne |
| Date of publication, distribution, etc | [1970] |
| 300 ## - PHYSICAL DESCRIPTION | |
| Extent | 243 p. |
| 490 1# - SERIES STATEMENT | |
| Series statement | Bibliothèque de sciences religieuses |
| 504 ## - BIBLIOGRAPHY, ETC. NOTE | |
| Bibliography, etc | Includes bibliographical references. |
| 650 #0 - SUBJECT ADDED ENTRY--TOPICAL TERM | |
| Topical term or geographic name as entry element | Religion and science |
| General subdivision | History |
| Chronological subdivision | 20th century. |
| 9 (RLIN) | 24399 |
| 650 #0 - SUBJECT ADDED ENTRY--TOPICAL TERM | |
| Topical term or geographic name as entry element | Bible and science. |
| 9 (RLIN) | 24400 |
| 650 #0 - SUBJECT ADDED ENTRY--TOPICAL TERM | |
| Topical term or geographic name as entry element | Semantics (Philosophy) |
| 9 (RLIN) | 24401 |
| 830 #0 - SERIES ADDED ENTRY--UNIFORM TITLE | |
| Uniform title | Bibliothèque de sciences religieuses. |
| 9 (RLIN) | 24402 |
| 942 ## - ADDED ENTRY ELEMENTS (KOHA) | |
| Source of classification or shelving scheme | Library of Congress Classification |
| Koha item type | Monograph ( Printed materials) |
| Withdrawn status | Lost status | Source of classification or shelving scheme | Damaged status | Not for loan | Home library | Current library | Date acquired | Total Checkouts | Full call number | Barcode | Date last seen | Price effective from | Koha item type |
|---|---|---|---|---|---|---|---|---|---|---|---|---|---|
| Library of Congress Classification | ARRUPE LIBRARY | ARRUPE LIBRARY | 15/07/2016 | BL240.2.L25 | 46500008473 | 01/08/2016 | 15/07/2016 | Monograph ( Printed materials) |